Beginning Auto CAD 2011: (Record no. 37370)

MARC details
000 -LEADER
fixed length control field 00743nam a22002057a 4500
005 - DATE AND TIME OF LATEST TRANSACTION
control field 20100723121926.0
010 ## - LCCN (DPL NO)
LC control number ENG-96727
020 ## - INTERNATIONAL STANDARD BOOK NUMBER
International Standard Book Number 9788183333641
Terms of availability 297.00
035 ## - SYSTEM CONTROL NUMBER
System control number EN-80260
037 ## - SOURCE OF ACQUISITION
Source of stock number/acquisition DBAD/PUB
082 ## - DEWEY DECIMAL CLASSIFICATION NUMBER
Classification number 005.369
100 ## - MAIN ENTRY--PERSONAL NAME
Personal name Shrock, Cheril R
245 ## - TITLE STATEMENT
Title Beginning Auto CAD 2011:
Remainder of title Exercise workbook /
Statement of responsibility, etc by Cheril R. Shrock
260 ## - PUBLICATION, DISTRIBUTION, ETC. (IMPRINT)
Place of publication, distribution, etc New Delhi
Name of publisher, distributor, etc BPB Publications
Date of publication, distribution, etc 2010
270 ## - ADDRESS
Address B-14, Connaught Place
City New Delhi
Postal code 110001
300 ## - PHYSICAL DESCRIPTION
Extent x, various Pagings
Other physical details Ill
Dimensions 24cm (Pbk)
Accompanying material 1 CD-ROM
500 ## - GENERAL NOTE
General note Includes index
942 ## - ADDED ENTRY ELEMENTS (KOHA)
Source of classification or shelving scheme Dewey Decimal Classification
Item type English Books
Classification part 005.369
Call number suffix SHR
Holdings
Withdrawn status Lost status Not for loan Collection code Home library Current library Date acquired Source of acquisition Cost, normal purchase price Full call number Barcode Copy number Cost, replacement price Koha item type
    Not For Loan Non-fiction D.B.Act.Division D.B.Act.Division 23/07/2010 DBAD/PUB 297.00 005.369 SHR EN-80260 1 297.00 English Books

© Delhi Public Library
Hit Counter
free hit counter